000 00433nam a22001817a 4500
003 MPLRDC
005 20220104143111.0
008 210129b ||||| |||| 00| 0 eng d
020 _a7-5390-0111-9
082 _a415.22 SBR
100 _a舒普荣编著
245 _a蛇伤治疗
_c
250 _a一版一刷
260 _a
_b江西科学技术出版社
_c1988
300 _b
650 _a急救
942 _cBK
_o415.22 SBR
999 _c36617
_d36607